<?xml version="1.0" encoding="UTF-8"?>
<record
    xmlns:xsi="http://www.w3.org/2001/XMLSchema-instance"
    xsi:schemaLocation="http://www.loc.gov/MARC21/slim http://www.loc.gov/standards/marcxml/schema/MARC21slim.xsd"
    xmlns="http://www.loc.gov/MARC21/slim">

  <leader>02597cam a22004454i 4500</leader>
  <controlfield tag="003">PE-LiUPU</controlfield>
  <controlfield tag="005">20250731165414.0</controlfield>
  <controlfield tag="008">151124s2012    pe a   grm    000 0 spa d</controlfield>
  <datafield tag="035" ind1=" " ind2=" ">
    <subfield code="a">(Sirsi) a155224</subfield>
  </datafield>
  <datafield tag="040" ind1=" " ind2=" ">
    <subfield code="a">PE-LiUPU</subfield>
    <subfield code="b">spa</subfield>
    <subfield code="c">PE-LiUPU</subfield>
    <subfield code="e">rda</subfield>
  </datafield>
  <datafield tag="099" ind1=" " ind2=" ">
    <subfield code="a">TEF 3</subfield>
    <subfield code="b">A76 2012</subfield>
  </datafield>
  <datafield tag="100" ind1="1" ind2=" ">
    <subfield code="a">Arpasi Quispe, Orfelina</subfield>
    <subfield code="e">autor</subfield>
  </datafield>
  <datafield tag="245" ind1="1" ind2=" ">
    <subfield code="a">Efectividad del programa educativo "Cuidando con amor" en los conocimientos actitudes y pr&#xE1;cticas sobre prevenci&#xF3;n de &#xFA;lceras por presi&#xF3;n de los cuidadores de pacientes mayores del Hospital San Isidro Labrador - EsSALUD /</subfield>
    <subfield code="c">Orfelinda Arpasi Quispe.</subfield>
  </datafield>
  <datafield tag="264" ind1=" " ind2="0">
    <subfield code="c">2012.</subfield>
  </datafield>
  <datafield tag="300" ind1=" " ind2=" ">
    <subfield code="a">161 hojas : </subfield>
    <subfield code="b">ilustraciones;</subfield>
    <subfield code="c">30 cm</subfield>
  </datafield>
  <datafield tag="336" ind1=" " ind2=" ">
    <subfield code="a">text</subfield>
    <subfield code="2">rdacontent</subfield>
  </datafield>
  <datafield tag="337" ind1=" " ind2=" ">
    <subfield code="a">unmediated</subfield>
    <subfield code="2">rdamedia</subfield>
  </datafield>
  <datafield tag="338" ind1=" " ind2=" ">
    <subfield code="a">volume</subfield>
    <subfield code="2">rdacarrier</subfield>
  </datafield>
  <datafield tag="502" ind1=" " ind2=" ">
    <subfield code="a">Tesis</subfield>
    <subfield code="b">(Mg.) -- </subfield>
    <subfield code="c">Universidad Peruana Uni&#xF3;n,</subfield>
    <subfield code="d">2012.</subfield>
  </datafield>
  <datafield tag="504" ind1=" " ind2=" ">
    <subfield code="a">Incluye referencias</subfield>
  </datafield>
  <datafield tag="520" ind1="3" ind2=" ">
    <subfield code="a">El dise&#xF1;o del estudio fue pre experimental con un solo grupo a quien se aplic&#xF3; pre prueba y post prueba a fin de determinar la efectividad del programa. Se utiliz&#xF3; el muestreo no probabil&#xED;stico, a conveniencia del investigador, basado en criterios de inclusi&#xF3;n y exclusi&#xF3;n previamente establecidos, la muestra estuvo conformada por 30 cuidadores. El programa estuvo organizado en 15 sesiones  educativas te&#xF3;rica pr&#xE1;cticas con una frecuencia de 2 veces por semana durante 4 meses.   Para medir conocimientos se aplic&#xF3; un cuestionario de selecci&#xF3;n m&#xFA;ltiple, para actitudes se utiliz&#xF3; la escala de Likert y para la pr&#xE1;ctica se aplic&#xF3; gu&#xED;a de observaci&#xF3;n. El an&#xE1;lisis de los datos fue procesado con un programa estad&#xED;stico SPSS 20,2011. Los estad&#xED;sticos que se utilizaron fueron: estad&#xED;sticos descriptivos, tablas de frecuencias en particular la t-student para muestras relacionadas. - El programa "cuidando con amor" fue efectivo en incrementar el nivel de conocimientos, actitudes y practicas sobre prevenci&#xF3;n de &#xFA;lceras por presi&#xF3;n en los adultos mayores del Hospital II Cl&#xED;nica Geri&#xE1;trica San Isidro Labrador.</subfield>
  </datafield>
  <datafield tag="526" ind1=" " ind2=" ">
    <subfield code="a">SEG44</subfield>
  </datafield>
  <datafield tag="526" ind1=" " ind2=" ">
    <subfield code="a">SEG26</subfield>
  </datafield>
  <datafield tag="526" ind1=" " ind2=" ">
    <subfield code="a">P151</subfield>
  </datafield>
  <datafield tag="526" ind1=" " ind2=" ">
    <subfield code="a">P150</subfield>
  </datafield>
  <datafield tag="526" ind1=" " ind2=" ">
    <subfield code="a">P149</subfield>
  </datafield>
  <datafield tag="526" ind1=" " ind2=" ">
    <subfield code="a">P146</subfield>
  </datafield>
  <datafield tag="526" ind1=" " ind2=" ">
    <subfield code="a">P145</subfield>
  </datafield>
  <datafield tag="526" ind1=" " ind2=" ">
    <subfield code="a">P126</subfield>
  </datafield>
  <datafield tag="526" ind1=" " ind2=" ">
    <subfield code="a">P125</subfield>
  </datafield>
  <datafield tag="526" ind1=" " ind2=" ">
    <subfield code="a">P92</subfield>
  </datafield>
  <datafield tag="526" ind1=" " ind2=" ">
    <subfield code="a">P75</subfield>
  </datafield>
  <datafield tag="526" ind1=" " ind2=" ">
    <subfield code="a">P74</subfield>
  </datafield>
  <datafield tag="526" ind1=" " ind2=" ">
    <subfield code="a">P27</subfield>
  </datafield>
  <datafield tag="526" ind1=" " ind2=" ">
    <subfield code="a">P15</subfield>
  </datafield>
  <datafield tag="650" ind1="0" ind2="4">
    <subfield code="a">Enfermeros</subfield>
    <subfield code="x">&#xDA;lceras por presi&#xF3;n</subfield>
    <subfield code="x">Prevenci&#xF3;n</subfield>
    <subfield code="v">Programas.</subfield>
  </datafield>
  <datafield tag="596" ind1=" " ind2=" ">
    <subfield code="a">1</subfield>
  </datafield>
  <datafield tag="942" ind1=" " ind2=" ">
    <subfield code="2">ddc</subfield>
    <subfield code="c">TESIS</subfield>
  </datafield>
  <datafield tag="999" ind1=" " ind2=" ">
    <subfield code="a">TEF 3 A76 2012</subfield>
    <subfield code="w">ALPHANUM</subfield>
    <subfield code="c">7906</subfield>
    <subfield code="i">T01321</subfield>
    <subfield code="l">CCODEBUL3</subfield>
    <subfield code="m">BUL</subfield>
    <subfield code="r">1</subfield>
    <subfield code="s">Y</subfield>
    <subfield code="t">TESIS</subfield>
    <subfield code="u">2015-11-24</subfield>
    <subfield code="x">POSGRADO</subfield>
    <subfield code="P">P69</subfield>
    <subfield code="o">.STAFF. Tesis</subfield>
    <subfield code="d">7906</subfield>
  </datafield>
  <datafield tag="980" ind1=" " ind2=" ">
    <subfield code="8">1</subfield>
    <subfield code="g">ALBERTO SANCHEZ Responsable de Automatizaci&#xF3;n</subfield>
  </datafield>
  <datafield tag="952" ind1=" " ind2=" ">
    <subfield code="r">2022-07-06 00:00:00</subfield>
    <subfield code="l">0</subfield>
    <subfield code="o">TEF 3 A76 2012</subfield>
    <subfield code="p">T01321</subfield>
    <subfield code="t">e1</subfield>
    <subfield code="w">2015-11-24</subfield>
    <subfield code="x">PG</subfield>
    <subfield code="y">TESIS</subfield>
    <subfield code="z">Este &#xCD;tem NO se presta por ser Ejemplar #1.</subfield>
    <subfield code="1">0</subfield>
    <subfield code="2">ddc</subfield>
    <subfield code="7">1</subfield>
    <subfield code="8">TESIS</subfield>
    <subfield code="f">P69</subfield>
    <subfield code="a">BUL</subfield>
    <subfield code="b">BUL</subfield>
    <subfield code="c">TESIS</subfield>
    <subfield code="d">2015-11-24</subfield>
  </datafield>
</record>
